Access 2000 made simple (Record no. 75562)

MARC details
000 -LEADER
fixed length control field 00735nam a2200181 a 4500
008 - FIXED-LENGTH DATA ELEMENTS--GENERAL INFORMATION
fixed length control field 120416s1999 ||||||||||||||||| || u
020 ## - INTERNATIONAL STANDARD BOOK NUMBER
International Standard Book Number 075064611X
050 ## - LIBRARY OF CONGRESS CALL NUMBER
Classification number QA 76.9.A25 Ste
100 ## - MAIN ENTRY--PERSONAL NAME
Personal name Stephen, Moira
245 10 - TITLE STATEMENT
Title Access 2000 made simple
260 ## - PUBLICATION, DISTRIBUTION, ETC.
Place of publication, distribution, etc. Oxford
Name of publisher, distributor, etc. Butterworth-Heinemann
Date of publication, distribution, etc. 1999
300 ## - PHYSICAL DESCRIPTION
Extent x, 213p. ;ill.
350 ## -
-- 0.00
650 ## - SUBJECT ADDED ENTRY--TOPICAL TERM
Topical term or geographic name entry element ACCESS 2000
650 ## - SUBJECT ADDED ENTRY--TOPICAL TERM
Topical term or geographic name entry element COMPUTING
995 ## -
-- MAIN LIBRARY OPEN ACCESS
-- 0.00
-- 731738
-- CBU-MAIN LIBRARY (Kitwe)
-- 1
-- 18.99
-- QA 76.9.A25 Ste
-- 1
-- AVAILABLE
-- Jun 19, 2006
-- 029279
-- Main Library Open Access Collection
995 ## -
-- BINDERY (DAMAGED)
-- 0.00
-- 731739
-- CBU-MAIN LIBRARY (Kitwe)
-- 2
-- 18.99
-- QA 76.9.A25 Ste
-- 2
-- DAMAGED
-- 029272
-- Main Library Open Access Collection
999 ## -
-- 75562
-- 75562
Holdings
Withdrawn status Lost status Source of classification or shelving scheme Damaged status Not for loan Permanent Location Current Location Shelving location Date acquired Total Checkouts Full call number Barcode Date last seen Copy number Price effective from Koha item type Collection code
          CBU-MAIN LIBRARY, KITWE. CBU-MAIN LIBRARY, KITWE.   03/30/2023   QA 76.9.A25 Ste 029279 03/30/2023 1 03/30/2023 MONOGRAPH  
      Damaged   CBU-MAIN LIBRARY, KITWE. CBU-MAIN LIBRARY, KITWE.   03/30/2023   QA 76.9.A25 Ste 029272 03/30/2023 2 03/30/2023 MONOGRAPH BINDERY (DAMAGED)